Aptitudes y capacidades: método pedagógico de las escuelas técnicas de la Cámara de Comercio de París
Uloženo v:
| Hlavní autoři: | , , , , , , , , , , |
|---|---|
| Médium: | Kniha |
| Jazyk: | španělština |
| Vydáno: |
Madrid
Aguilar
1967
|
| Edice: | Psicología y Educación
|
| Témata: | |
| Tagy: |
Přidat tag
Žádné tagy, Buďte první, kdo vytvoří štítek k tomuto záznamu!
|
MARC
| LEADER | 00000nam a2200000 a 4500 | ||
|---|---|---|---|
| 001 | UCU0912 | ||
| 003 | CL-VaPUC | ||
| 008 | 960329e19670000SP |||||||||||||||||spa|d | ||
| 082 | 0 | 4 | |a 373.246 |b CON |2 21 |
| 100 | 0 | |a Conquet, André |e author |9 356394 | |
| 700 | 0 | |a Ramain, Simone |e author |9 356395 | |
| 700 | 0 | |a Tavernier, Michel |e author |9 356396 | |
| 700 | 0 | |a Gilbert, Louis-François |e author |9 356397 | |
| 700 | 0 | |a Courduries, Raymonde |e author |9 356398 | |
| 700 | 0 | |a Guerry, Jean-Louis |e author |9 356399 | |
| 700 | 0 | |a Le Guillermic, René |e author |9 356400 | |
| 700 | 0 | |a Quef, Pierre |e author |9 356401 | |
| 700 | 0 | |a Ribal, Jean-Claude |e author |9 356402 | |
| 700 | 0 | |a sadou, Edmond |e author |9 356403 | |
| 700 | 0 | |a Traverse, Maxime |e author |9 356404 | |
| 245 | 1 | 0 | |a Aptitudes y capacidades: método pedagógico de las escuelas técnicas de la Cámara de Comercio de París |
| 300 | |a 124 p | ||
| 942 | |c BK | ||
| 945 | |d 19960329 00:00:00 |a cmena | ||
| 260 | |a Madrid |b Aguilar |c 1967 | ||
| 650 | 0 | |a Educación técnica |9 307052 | |
| 650 | 0 | |a Formación profesional |9 257232 | |
| 650 | 0 | |a Aptitud |9 335650 | |
| 583 | |a last modification |c 20170829 01:17:34 |k Rodrigo Vera | ||
| 490 | 0 | |a Psicología y Educación | |
| 999 | |c 245690 |d 245688 | ||
| 952 | |0 0 |1 0 |4 0 |6 373_246000000000000_CON_1967 |7 0 |8 P |9 260279 |a BIBEDU |b BIBEDU |c BIBEDU_PB |d 2019-11-19 |i 1638645 |o 373.246 CON 1967 |p 1638645 |r 2024-01-25 |w 2019-11-19 |y BK |k EDU | ||